| 000 | 00761nam a2200121Ia 4500 | ||
|---|---|---|---|
| 008 | 220615s9999||||xx |||||||||||||| ||und|| | ||
| 100 | _aVeenis, Milena | ||
| 245 | 0 |
_aMaterial Fantasies _bExpectations of the Western Consumer World among the East Germans |
|
| 546 | _aEnglish[eng] | ||
| 650 | _ageschiedenis||cultuur and geschiedenis||culture and history||history||geography||and auxiliary disciplines||Die Wende||East Germany||Rudolstadt||Stasi||West Germany | ||
| 856 | _uhttps://library.oapen.org/bitstream/20.500.12657/34269/1/439098.pdf||https://library.oapen.org/bitstream/20.500.12657/34269/1/439098.pdf||https://library.oapen.org/bitstream/20.500.12657/34269/1/439098.pdf||https://library.oapen.org/bitstream/20.500.12657/34269/1/439098.pdf | ||
| 942 | _cEB | ||
| 999 |
_c13068 _d13068 |
||